| 000 | 00664 a2200205 4500 | ||
|---|---|---|---|
| 003 | Nust | ||
| 005 | 20221222101622.0 | ||
| 010 | _a48006305 | ||
| 040 | _cNust | ||
| 082 | _a621.384191,LOR | ||
| 100 |
_aPierce, John Alvin, _9105621 |
||
| 245 |
_aLoran, long range navigation / _cEidted. by J.A. Pierce, A.A. McKenzie & R.H. Woodward. |
||
| 250 | _a1st ed | ||
| 260 |
_aMcGraw-Hill Book Co _bNew York _c1948 |
||
| 300 |
_axiv, 476 p _billus _cmaps _ediagrs _f24 cm. |
||
| 505 | _aPart.1 The Loran System (Page-3), Part.2 Loran Equipment (Page-197). | ||
| 600 |
_aPierce, John Alvin, _9105621 |
||
| 650 |
_aLoran, long range navigation _9105622 |
||
| 942 |
_2ddc _cBK |
||
| 999 |
_c183829 _d183829 |
||